000 00854nam a2200253Ia 4500
003 OSt
005 20221005112159.0
006 a|||||r|||| 00| 0
007 ta
008 221004b |||||||| |||| 00| 0 pan d
020 _c250
024 _a15192
037 _b877, 18/08/2014, H.K. Prakashan
_cTextual
040 _aCRL
_cCRL
_bpan
041 _2pan
_apan
082 _aO153,3NAUw, Q3
100 _aਔਲਖ, ਗੁਰਚਰਨ ਸਿੰਘ
245 0 _aਸੂਲੀ ਟੰਗਿਆ ਸੱਚ
260 _aਅੰਮ੍ਰਿਤਸਰ
_bਨਵੀਨ ਪ੍ਰਕਾFਨ ਭਾਰਤ
_c2013
300 _a240ਪੰ
_ccm.
650 _aਪੰਜਾਬੀ ਸਾਹਿਤ
942 _hO153,3NAUw, Q3
_cTEXL
_2cc
999 _c1024095
_d1024095